[Event "East European zonal 3 (w) prel 1"]
[Site "Hajduszoboszlo HUN"]
[Date "1991.10.??"]
[Round "6"]
[White "Porubszky, Maria"]
[Black "Repkova, Eva"]
[Result "1-0"]
[WhiteElo "2185"]
[BlackElo "2170"]
[EventDate "1991.10.01"]
[PlyCount "103"]

1.e4 e6 2.d3 c5 3.Nf3 Nc6 4.g3 g6 5.Bg2 Bg7 6.O-O Nge7 7.Nbd2 O-O 8.Re1 d6
9.h4 h6 10.Nf1 b5 11.N1h2 Kh7 12.c3 e5 13.Be3 Qb6 14.b4 a5 15.a3 Be6 16.
Qc2 Ra7 17.bxc5 dxc5 18.Rab1 a4 19.Rb2 Bb3 20.Qb1 Na5 21.Nd2 Rd7 22.Bh3 
Rc7 23.Nhf3 f5 24.Nxb3 Nxb3 25.exf5 Nxf5 26.Nd2 Nxe3 27.Rxe3 Nxd2 28.Rxd2 
Rcf7 29.h5 Kh8 30.hxg6 Qxg6 31.Qxb5 h5 32.Rde2 Bh6 33.Qxc5 Bxe3 34.Qxe5+ 
Rg7 35.Rxe3 Qf7 36.f4 Qf6 37.d4 h4 38.Qh5+ Rh7 39.Qe5 hxg3 40.Rxg3 Qxe5 
41.fxe5 Rb7 42.e6 Rb3 43.d5 Rxa3 44.e7 Ra1+ 45.Kh2 Re8 46.d6 Re1 47.Bd7 a3
48.Rg2 Rg8 49.Rxg8+ Kxg8 50.Be6+ Rxe6 51.d7 Re2+ 52.Kg3 1-0

[Event "East European zonal 3 (w) prel 1"]
[Site "Hajduszoboszlo HUN"]
[Date "1991.10.??"]
[Round "6"]
[White "Foisor, Cristina"]
[Black "Grochot, Czeslawa"]
[Result "1-0"]
[WhiteElo "2305"]
[BlackElo "2205"]
[EventDate "1991.10.01"]
[PlyCount "59"]

1.c4 Nf6 2.g3 g6 3.Bg2 Bg7 4.Nc3 O-O 5.Nf3 d6 6.O-O e5 7.d3 Nc6 8.Rb1 a5 
9.a3 h6 10.b4 axb4 11.axb4 Be6 12.b5 Ne7 13.Qc2 Qd7 14.b6 c6 15.c5 Ra5 16.
cxd6 Qxd6 17.Nd2 Ra6 18.Nde4 Nxe4 19.Nxe4 Qb8 20.Nc5 Ra2 21.Rb2 Rxb2 22.
Bxb2 Bc8 23.e4 Kh7 24.Qc3 Bh8 25.Ra1 f5 26.Ra7 f4 27.Ba3 Rf7 28.Qb3 Rg7 
29.Rxb7 Bxb7 30.Nd7 1-0

[Event "East European zonal 3 (w) prel 1"]
[Site "Hajduszoboszlo HUN"]
[Date "1991.10.??"]
[Round "7"]
[White "Repkova, Eva"]
[Black "Foisor, Cristina"]
[Result "1/2-1/2"]
[WhiteElo "2170"]
[BlackElo "2305"]
[EventDate "1991.10.01"]
[PlyCount "61"]

1.e4 e5 2.Nf3 Nc6 3.Bb5 a6 4.Ba4 Nf6 5.O-O Be7 6.Bxc6 dxc6 7.d3 Bg4 8.h3 
Bxf3 9.Qxf3 Qd6 10.Nd2 Nd7 11.Nc4 Qe6 12.Qg3 O-O-O 13.f4 Bf6 14.Qf2 exf4 
15.Bxf4 Ne5 16.Bxe5 Bxe5 17.Qxf7 Bd4+ 18.Kh1 Qxf7 19.Rxf7 b5 20.Na5 Bxb2 
21.Rb1 Bf6 22.Nxc6 Rd7 23.Rxd7 Kxd7 24.Nb4 c6 25.Nxa6 Ra8 26.Nc5+ Kd6 27.
Nb3 Rxa2 28.Rc1 Bg5 29.Re1 Rxc2 30.e5+ Kd5 31.e6 1/2-1/2

[Event "East European zonal 3 (w) prel 1"]
[Site "Hajduszoboszlo HUN"]
[Date "1991.10.??"]
[Round "7"]
[White "Lupu, Smaranda"]
[Black "Porubszky, Maria"]
[Result "1-0"]
[WhiteElo "2220"]
[BlackElo "2185"]
[EventDate "1991.10.01"]
[PlyCount "113"]

1.e4 c5 2.Nf3 e6 3.d4 cxd4 4.Nxd4 a6 5.Be3 Nf6 6.Nd2 d5 7.e5 Nfd7 8.f4 Nc6
9.N2f3 Qb6 10.Qc1 Nxd4 11.Nxd4 Qc7 12.c3 b6 13.Bd3 Bb7 14.O-O g6 15.Qe1 
Nc5 16.Bc2 Rc8 17.Rd1 Be7 18.Bf2 b5 19.Bh4 Qd8 20.Bxe7 Qxe7 21.Rf3 h5 22.
f5 gxf5 23.Bxf5 Ne4 24.Nxe6 Rg8 25.Nd4 Rd8 26.e6 f6 27.Qh4 Rg5 28.Bg6+ 
Rxg6 29.Qxh5 Qg7 30.Nf5 Qg8 31.Nh4 Ke7 32.Nxg6+ Kxe6 33.Qg4+ Kf7 34.Ne5+ 
Ke7 35.Qxg8 Rxg8 36.Nd3 Ke6 37.Re1 Kd6 38.Nf2 Rg6 39.Nxe4+ dxe4 40.Rg3 
Rxg3 41.hxg3 Bd5 42.Kf2 f5 43.Ke3 Ke5 44.b3 a5 45.Rh1 a4 46.bxa4 bxa4 47.
a3 Bc4 48.Rh8 Bb3 49.Ra8 Kd5 50.Rd8+ Kc4 51.Rc8+ Kd5 52.Kf4 Bc4 53.Kxf5 e3
54.Kf4 e2 55.Re8 Bd3 56.Kf3 Kc4 57.Rxe2 1-0

[Event "East European zonal 3 (w) prel 1"]
[Site "Hajduszoboszlo HUN"]
[Date "1991.10.??"]
[Round "7"]
[White "Gocheva, Rumiana"]
[Black "Veroci, Zsuzsa"]
[Result "1/2-1/2"]
[WhiteElo "2235"]
[BlackElo "2325"]
[EventDate "1991.10.01"]
[PlyCount "23"]

1.e4 e5 2.Nf3 Nc6 3.Bb5 a6 4.Bxc6 dxc6 5.O-O Qd6 6.d3 Ne7 7.Nbd2 Ng6 8.Nc4
Qf6 9.Bg5 Qe6 10.a4 f6 11.Be3 Be7 12.a5 1/2-1/2

[Event "East European zonal 3 (w) prel 2"]
[Site "Hajduszoboszlo HUN"]
[Date "1991.10.??"]
[Round "1"]
[White "Stanciu, Gabriela"]
[Black "Nutu, Daniela"]
[Result "0-1"]
[WhiteElo "2255"]
[BlackElo "2295"]
[EventDate "1991.10.01"]
[PlyCount "112"]

1.d4 d5 2.c4 dxc4 3.Nf3 Nf6 4.e3 e6 5.Bxc4 c5 6.Qe2 a6 7.dxc5 Bxc5 8.O-O 
Nc6 9.e4 Qc7 10.e5 Nd7 11.Bf4 Nd4 12.Nxd4 Bxd4 13.Rc1 Qb8 14.Re1 b5 15.Bb3
Bb7 16.Qd2 Bb6 17.Nc3 Nc5 18.Bc2 O-O 19.b4 Rd8 20.Qe2 Nd7 21.Ne4 Bd4 22.
Ng5 Nf8 23.Rad1 Bc3 24.Rxd8 Qxd8 25.Rd1 Qc7 26.a3 Rd8 27.Rc1 Qc4 28.Qg4 
Rd4 29.Nh3 g6 30.Bd1 h5 31.Qe2 Qd5 32.f3 Bd2 33.Rc5 Qd7 34.Bg3 Bh6 35.Nf2 
Rd2 36.Qe1 Qd4 37.Be2 Be3 38.Kf1 Qb2 39.Rc7 Bd5 40.Nd1 Qb3 41.Nxe3 Qxe3 
42.Bf2 Qh6 43.Bc5 Kg7 44.Bxf8+ Kxf8 45.Rc8+ Kg7 46.Qh4 g5 47.Qg3 Qg6 48.
Qe1 Rb2 49.Rc1 Qf5 50.Qc3 Rb3 51.Qa1 Qf4 52.Rd1 Qxh2 53.Qd4 Rxa3 54.Kf2 
Ra2 55.Rd2 Rxd2 56.Qxd2 Qxe5 0-1

[Event "East European zonal 3 (w) prel 2"]
[Site "Hajduszoboszlo HUN"]
[Date "1991.10.??"]
[Round "1"]
[White "Rajcsanyi, Zita"]
[Black "Madl, Ildiko"]
[Result "0-1"]
[WhiteElo "2100"]
[BlackElo "2370"]
[EventDate "1991.10.01"]
[PlyCount "62"]

1.e4 c5 2.c3 d6 3.d4 Nf6 4.Bd3 g6 5.dxc5 dxc5 6.e5 c4 7.exf6 cxd3 8.Nf3 
exf6 9.O-O Nc6 10.Be3 Bg4 11.h3 Bxf3 12.Qxf3 Be7 13.Bh6 Qd6 14.Nd2 O-O-O 
15.Ne4 Qe6 16.Rfe1 f5 17.Ng5 Qf6 18.Rad1 Rd7 19.Qf4 Bd6 20.Qa4 Bc7 21.Nf3 
Qd6 22.b4 f6 23.b5 Ne5 24.Nxe5 fxe5 25.Qxa7 g5 26.Bxg5 Rg8 27.Bh4 Rdg7 28.
g3 e4 29.Qe3 Bb6 30.Qd2 Rxg3+ 31.Bxg3 Qxg3+ 0-1

[Event "East European zonal 3 (w) prel 2"]
[Site "Hajduszoboszlo HUN"]
[Date "1991.10.??"]
[Round "1"]
[White "Ciprianova-Kubikova, Hana"]
[Black "Jagodzinska, Joanna"]
[Result "1-0"]
[WhiteElo "2165"]
[BlackElo "2225"]
[EventDate "1991.10.01"]
[PlyCount "61"]

1.e4 c5 2.Nf3 d6 3.d4 cxd4 4.Nxd4 Nf6 5.Nc3 g6 6.Be3 Bg7 7.f3 Nc6 8.Qd2 
O-O 9.Bc4 Bd7 10.O-O-O Rc8 11.Bb3 Ne5 12.h4 h5 13.Bg5 Rc5 14.g4 hxg4 15.h5
Nxh5 16.f4 Nc4 17.Qf2 Qe8 18.Nd5 f6 19.Bh4 e6 20.Nc3 e5 21.Nde2 exf4 22.
Nxf4 Nxf4 23.Qxf4 Rf7 24.Bf2 Rc8 25.Qh2 Qe5 26.Bg3 Qc5 27.Bxc4 Qe3+ 28.Kb1
Rxc4 29.Qh7+ Kf8 30.Bxd6+ Ke8 31.Qg8+ 1-0

[Event "East European zonal 3 (w) prel 2"]
[Site "Hajduszoboszlo HUN"]
[Date "1991.10.??"]
[Round "2"]
[White "Madl, Ildiko"]
[Black "Ciprianova-Kubikova, Hana"]
[Result "1-0"]
[WhiteElo "2370"]
[BlackElo "2165"]
[EventDate "1991.10.01"]
[PlyCount "85"]

1.e4 c5 2.Nf3 Nc6 3.d4 cxd4 4.Nxd4 e5 5.Nb5 d6 6.Be3 Nf6 7.N1c3 a6 8.Na3 
Rb8 9.Nd5 Nxd5 10.exd5 Ne7 11.b4 Nf5 12.Bd2 Be7 13.Bd3 Bg5 14.O-O Bxd2 15.
Qxd2 O-O 16.Nc4 Qc7 17.Na5 Ne7 18.c4 b6 19.Nb3 Ng6 20.Rfe1 f5 21.Rac1 Qd8 
22.c5 bxc5 23.bxc5 Nf4 24.Bf1 Qg5 25.Re3 Rf6 26.cxd6 Rxd6 27.Rxe5 Bd7 28.
Qe3 Rh6 29.Qg3 Qxg3 30.hxg3 Ng6 31.Ree1 Nf8 32.Nd4 Rb2 33.Bc4 Rd6 34.Nc6 
Ng6 35.Bb3 f4 36.Na5 fxg3 37.fxg3 Bb5 38.Nc4 Bxc4 39.Rxc4 Kf8 40.Rc6 Rxc6 
41.dxc6 Ne7 42.c7 Nc8 43.Rd1 1-0

[Event "East European zonal 3 (w) prel 2"]
[Site "Hajduszoboszlo HUN"]
[Date "1991.10.??"]
[Round "2"]
[White "Koen, Maia"]
[Black "Stanciu, Gabriela"]
[Result "1-0"]
[WhiteElo "2215"]
[BlackElo "2255"]
[EventDate "1991.10.01"]
[PlyCount "81"]

1.d4 d5 2.c4 Bf5 3.Qb3 Nc6 4.cxd5 Nb8 5.Qxb7 Nd7 6.Nc3 Rb8 7.Qc6 Rb6 8.Qa4
e5 9.dxe6 Bxe6 10.Nf3 Nf6 11.e3 Bb4 12.Qc2 O-O 13.Be2 Bd5 14.Bd2 Ba8 15.a3
Bxc3 16.bxc3 Qb8 17.Bd3 c5 18.Rb1 c4 19.Bf5 g6 20.Rxb6 Nxb6 21.Bh3 Be4 22.
Qc1 Qb7 23.O-O Bxf3 24.gxf3 Qxf3 25.Bg2 Qf5 26.Qb1 Qg5 27.Qc2 Qa5 28.Qb2 
Nbd7 29.Qb4 Qa6 30.a4 Rb8 31.Qa3 Rb3 32.Qe7 Qxa4 33.e4 Qa3 34.Qd8+ Qf8 35.
Qc7 Rb2 36.Bc1 Rb5 37.e5 Nd5 38.Qxd7 Nxc3 39.Bg5 Ne2+ 40.Kh1 Qb8 41.Bd5 
1-0

[Event "East European zonal 3 (w) prel 2"]
[Site "Hajduszoboszlo HUN"]
[Date "1991.10.??"]
[Round "2"]
[White "Voiska, Margarita"]
[Black "Jagodzinska, Joanna"]
[Result "1-0"]
[WhiteElo "2350"]
[BlackElo "2225"]
[EventDate "1991.10.01"]
[PlyCount "51"]

1.d4 Nf6 2.c4 c5 3.d5 e6 4.Nc3 exd5 5.cxd5 d6 6.e4 g6 7.Nf3 Bg7 8.h3 O-O 
9.Bd3 b5 10.Nxb5 Re8 11.O-O Nxe4 12.Re1 Nf6 13.Bf4 Rxe1+ 14.Qxe1 Ba6 15.
Rd1 Bxb5 16.Bxb5 Qb6 17.Be8 Na6 18.Bxf7+ Kh8 19.b3 Rf8 20.Be6 Nc7 21.Bg3 
Re8 22.Ng5 Nxe6 23.dxe6 d5 24.Nf7+ Kg8 25.Nd6 Ra8 26.e7 1-0

[Event "East European zonal 3 (w) prel 2"]
[Site "Hajduszoboszlo HUN"]
[Date "1991.10.??"]
[Round "3"]
[White "Stanciu, Gabriela"]
[Black "Voiska, Margarita"]
[Result "0-1"]
[WhiteElo "2255"]
[BlackElo "2350"]
[EventDate "1991.10.01"]
[PlyCount "70"]

1.d4 e6 2.c4 Nf6 3.Nc3 Bb4 4.Qc2 O-O 5.a3 Bxc3+ 6.Qxc3 b5 7.cxb5 c6 8.g3 
cxb5 9.Bg2 d5 10.Bg5 Bb7 11.Nf3 Nc6 12.Bxf6 Qxf6 13.O-O Rfc8 14.Rac1 Qd8 
15.Nd2 b4 16.axb4 Qb6 17.Nb3 Nxb4 18.Qd2 Rxc1 19.Qxc1 Rc8 20.Nc5 Na6 21.b4
Qxb4 22.Qb1 Qxb1 23.Rxb1 Nxc5 24.dxc5 Bc6 25.f4 a5 26.Rb6 Kf8 27.Ra6 a4 
28.e3 Ra8 29.Rb6 a3 30.Rb1 a2 31.Ra1 Bb5 32.e4 Bc4 33.exd5 exd5 34.c6 Ke7 
35.Bh3 Kd6 0-1

[Event "East European zonal 3 (w) prel 2"]
[Site "Hajduszoboszlo HUN"]
[Date "1991.10.??"]
[Round "3"]
[White "Rajcsanyi, Zita"]
[Black "Koen, Maia"]
[Result "0-1"]
[WhiteElo "2100"]
[BlackElo "2215"]
[EventDate "1991.10.01"]
[PlyCount "88"]

1.e4 e6 2.d3 c5 3.Nf3 Nc6 4.g3 g6 5.Bg2 Bg7 6.O-O Nge7 7.Re1 d6 8.h4 h6 9.
c3 e5 10.Be3 Bg4 11.Qc1 b6 12.Na3 Qd7 13.Bd2 Kf8 14.Nc4 Kg8 15.Nh2 Be6 16.
Ne3 d5 17.exd5 Nxd5 18.Qd1 Rd8 19.Qe2 Nde7 20.Bxc6 Nxc6 21.Qf3 Bd5 22.Nxd5
Qxd5 23.Be3 Qxf3 24.Nxf3 Rxd3 25.Red1 e4 26.Ne1 Rxd1 27.Rxd1 Ne5 28.Bf4 
Nc4 29.b3 Nb2 30.Rd8+ Kh7 31.Rd7 g5 32.hxg5 hxg5 33.Rxf7 gxf4 34.Rxf4 Re8 
35.Rf7 Nd3 36.Nc2 Kg6 37.Rxa7 Bxc3 38.Rb7 Re6 39.Ne3 Be1 40.Nd1 Rf6 41.Kf1
Bxf2 42.Nxf2 Rxf2+ 43.Kg1 e3 44.Rxb6+ Kg5 0-1

[Event "East European zonal 3 (w) prel 2"]
[Site "Hajduszoboszlo HUN"]
[Date "1991.10.??"]
[Round "3"]
[White "Ciprianova-Kubikova, Hana"]
[Black "Nutu, Daniela"]
[Result "0-1"]
[WhiteElo "2165"]
[BlackElo "2295"]
[EventDate "1991.10.01"]
[PlyCount "80"]

1.e4 c5 2.Nf3 d6 3.d4 Nf6 4.Nc3 cxd4 5.Nxd4 Nc6 6.Bg5 Bd7 7.Qd2 a6 8.O-O-O
e6 9.f4 b5 10.Nxc6 Bxc6 11.e5 dxe5 12.Qxd8+ Rxd8 13.Rxd8+ Kxd8 14.fxe5 h6 
15.Bxf6+ gxf6 16.exf6 Rg8 17.Bd3 Rxg2 18.Ne4 Kc7 19.h3 Bxe4 20.Bxe4 Rf2 
21.Rg1 Rxf6 22.Rg8 Bb4 23.c3 Bc5 24.Ra8 Rf4 25.Bd3 Be3+ 26.Kc2 Rf2+ 27.Kb1
Rd2 28.Bh7 Rd6 29.Re8 Kd7 30.Rb8 f5 31.Bg6 Ke7 32.h4 Kf6 33.h5 Ke5 34.Rf8 
Bg5 35.Kc2 Rd2+ 36.Kb3 Bf6 37.Rc8 f4 38.c4 b4 39.Rc6 f3 40.Bf7 f2 0-1

[Event "East European zonal 3 (w) prel 2"]
[Site "Hajduszoboszlo HUN"]
[Date "1991.10.??"]
[Round "3"]
[White "Jagodzinska, Joanna"]
[Black "Madl, Ildiko"]
[Result "1/2-1/2"]
[WhiteElo "2225"]
[BlackElo "2370"]
[EventDate "1991.10.01"]
[PlyCount "42"]

1.e4 c5 2.Nf3 d6 3.d4 cxd4 4.Nxd4 Nf6 5.Nc3 Nc6 6.Bg5 e6 7.Qd2 Be7 8.O-O-O
O-O 9.f4 h6 10.Bxf6 Bxf6 11.Nxc6 bxc6 12.Qxd6 Qb6 13.Qd3 Rb8 14.b3 Rd8 15.
Qf3 Bd4 16.Bc4 Qb4 17.Rd3 Qa3+ 18.Kb1 Qc5 19.Kc1 Qa3+ 20.Kb1 Qc5 21.Kc1 
Qa3+ 1/2-1/2

[Event "East European zonal 3 (w) prel 2"]
[Site "Hajduszoboszlo HUN"]
[Date "1991.10.??"]
[Round "4"]
[White "Voiska, Margarita"]
[Black "Madl, Ildiko"]
[Result "1/2-1/2"]
[WhiteElo "2350"]
[BlackElo "2370"]
[EventDate "1991.10.01"]
[PlyCount "72"]

1.d4 Nf6 2.c4 e6 3.Nf3 c5 4.d5 exd5 5.cxd5 d6 6.Nc3 g6 7.e4 Bg7 8.h3 O-O 
9.Bd3 a6 10.a4 Nbd7 11.Bf4 Qe7 12.O-O Re8 13.Re1 Nh5 14.Bg5 Qf8 15.Qd2 Rb8
16.Nh2 Nhf6 17.f3 b6 18.Nf1 Bb7 19.Be3 Rbc8 20.Qe2 Nb8 21.Qf2 Nfd7 22.Nd2 
Ne5 23.Bc2 f6 24.f4 Nf7 25.Nc4 Nd7 26.Ra3 Rb8 27.Rb3 Bc8 28.Qf1 Qe7 29.Bd3
Qd8 30.Nd2 Ra8 31.Kh1 Ra7 32.Bg1 Nf8 33.Nc4 Rb7 34.Ne3 Ra7 35.Nc4 Rb7 36.
Ne3 Ra7 1/2-1/2

[Event "East European zonal 3 (w) prel 2"]
[Site "Hajduszoboszlo HUN"]
[Date "1991.10.??"]
[Round "5"]
[White "Rajcsanyi, Zita"]
[Black "Voiska, Margarita"]
[Result "0-1"]
[WhiteElo "2100"]
[BlackElo "2350"]
[EventDate "1991.10.01"]
[PlyCount "62"]

1.e4 e5 2.Nf3 Nc6 3.Bb5 a6 4.Ba4 Nf6 5.O-O Be7 6.Qe2 b5 7.Bb3 O-O 8.c3 d6 
9.a4 Na5 10.Bc2 Be6 11.b4 Nb3 12.Ra3 Nxc1 13.Rxc1 c6 14.d4 exd4 15.Nxd4 
Bd7 16.Nd2 Re8 17.Rca1 Rc8 18.axb5 axb5 19.Ra6 Bf8 20.f3 Nd5 21.Qd3 Nf4 
22.Qf1 c5 23.Nxb5 Bxb5 24.Qxb5 Qg5 25.Qf1 Nh3+ 26.Kh1 Qxd2 27.Ba4 Nf2+ 28.
Kg1 Nd3 29.g3 Red8 30.Rd1 Qe3+ 31.Kg2 Nb2 0-1

[Event "East European zonal 3 (w) prel 2"]
[Site "Hajduszoboszlo HUN"]
[Date "1991.10.??"]
[Round "5"]
[White "Madl, Ildiko"]
[Black "Nutu, Daniela"]
[Result "1-0"]
[WhiteElo "2370"]
[BlackElo "2295"]
[EventDate "1991.10.01"]
[PlyCount "49"]

1.e4 c5 2.Nf3 d6 3.d4 Nf6 4.Nc3 cxd4 5.Nxd4 Nc6 6.Be3 Ng4 7.Bb5 Nxe3 8.
fxe3 Bd7 9.O-O Ne5 10.Nf3 Bxb5 11.Nxb5 Qb6 12.Nxe5 dxe5 13.Qd5 e6 14.Qxe5 
Rc8 15.Nd4 f6 16.Qh5+ g6 17.Qh3 Be7 18.c3 Kf7 19.Rad1 e5 20.Nf3 Kg7 21.Rd7
Rc7 22.Rfd1 Rxd7 23.Qxd7 Kf7 24.Nxe5+ Kf8 25.Nc4 1-0

[Event "East European zonal 3 (w) prel 2"]
[Site "Hajduszoboszlo HUN"]
[Date "1991.10.??"]
[Round "5"]
[White "Ciprianova-Kubikova, Hana"]
[Black "Stanciu, Gabriela"]
[Result "1-0"]
[WhiteElo "2165"]
[BlackElo "2255"]
[EventDate "1991.10.01"]
[PlyCount "117"]

1.d4 d5 2.c4 e6 3.Nf3 c5 4.cxd5 exd5 5.Nc3 Nc6 6.g3 c4 7.Bg2 Bb4 8.O-O 
Nge7 9.e4 O-O 10.Qc2 Bxc3 11.bxc3 dxe4 12.Nd2 Be6 13.Nxe4 Bd5 14.Rb1 f5 
15.Ng5 Bxg2 16.Kxg2 Qd5+ 17.Kg1 Ng6 18.Qe2 Rfe8 19.Qh5 Nf8 20.Ba3 h6 21.
Nh3 b6 22.Bxf8 Rxf8 23.Rfe1 Qf7 24.Qf3 Ne7 25.Nf4 Rac8 26.Ne6 Rfe8 27.Re3 
Ng6 28.Rbe1 Re7 29.h4 Rd7 30.h5 Ne7 31.Re5 a6 32.a4 Rb8 33.a5 bxa5 34.Nc5 
Ra7 35.Nxa6 Rb6 36.Nc5 f4 37.Qe4 fxg3 38.fxg3 Rf6 39.Qg4 Rf5 40.Rxf5 Qxf5 
41.Qxf5 Nxf5 42.Re5 Nd6 43.Na4 Kf7 44.Kf2 Kf6 45.Kf3 Nf7 46.Rc5 Re7 47.Kf4
Ng5 48.Rf5+ Ke6 49.Rxa5 Rf7+ 50.Kg4 Rf1 51.Re5+ Kf6 52.Nb6 Rc1 53.Rc5 Re1 
54.Rf5+ Ke6 55.Nxc4 Rc1 56.Re5+ Kf6 57.Ne3 g6 58.Nd5+ Kf7 59.Re7+ 1-0

[Event "East European zonal 3 (w) prel 2"]
[Site "Hajduszoboszlo HUN"]
[Date "1991.10.??"]
[Round "5"]
[White "Jagodzinska, Joanna"]
[Black "Koen, Maia"]
[Result "1/2-1/2"]
[WhiteElo "2225"]
[BlackElo "2215"]
[EventDate "1991.10.01"]
[PlyCount "88"]

1.e4 e6 2.d4 d5 3.Nc3 Bb4 4.Qd3 Ne7 5.a3 Bxc3+ 6.bxc3 b6 7.Qg3 O-O 8.Bf4 
Qd7 9.e5 Ba6 10.Bxa6 Nxa6 11.Qd3 Qa4 12.Nf3 c5 13.Ng5 Ng6 14.Bd2 cxd4 15.
cxd4 h6 16.Nf3 Rac8 17.c3 Qc4 18.Qxc4 Rxc4 19.a4 Ne7 20.Ke2 Nc6 21.Rhb1 f6
22.exf6 Rxf6 23.Ne1 e5 24.dxe5 Nxe5 25.a5 Nc5 26.axb6 axb6 27.f3 Re6 28.
Kf1 Na4 29.Rb5 Nxc3 30.Bxc3 Rxc3 31.Rxd5 Nc4 32.Rd8+ Kh7 33.Rd7 Rg6 34.Kf2
b5 35.Rd3 Rxd3 36.Nxd3 Rd6 37.Ke2 Re6+ 38.Kf1 Rd6 39.Ke2 Rd5 40.Rb1 Kg8 
41.Ra1 Kf7 42.Ra7+ Kf6 43.Rb7 Rh5 44.h4 Rxh4 1/2-1/2

[Event "East European zonal 3 (w) prel 2"]
[Site "Hajduszoboszlo HUN"]
[Date "1991.10.??"]
[Round "6"]
[White "Voiska, Margarita"]
[Black "Nutu, Daniela"]
[Result "1/2-1/2"]
[WhiteElo "2350"]
[BlackElo "2295"]
[EventDate "1991.10.01"]
[PlyCount "59"]

1.d4 d5 2.c4 dxc4 3.Nf3 Nf6 4.e3 e6 5.Bxc4 c5 6.O-O a6 7.Qe2 Qc7 8.a4 Nc6 
9.Nc3 Bd6 10.Rd1 O-O 11.h3 b6 12.Ng5 Bb7 13.d5 exd5 14.Nxd5 Nxd5 15.Bxd5 
Be7 16.Qh5 Bxg5 17.Qxg5 Rad8 18.e4 Nd4 19.Rxd4 cxd4 20.Bf4 Rxd5 21.exd5 
Qc4 22.d6 f6 23.Qg3 Bc6 24.Re1 Re8 25.Rxe8+ Bxe8 26.b3 Qe6 27.Qd3 Bd7 28.
Qxd4 Qxb3 29.Be3 Qxa4 30.Qxa4 1/2-1/2

[Event "East European zonal 3 (w) prel 2"]
[Site "Hajduszoboszlo HUN"]
[Date "1991.10.??"]
[Round "6"]
[White "Stanciu, Gabriela"]
[Black "Jagodzinska, Joanna"]
[Result "1/2-1/2"]
[WhiteElo "2255"]
[BlackElo "2225"]
[EventDate "1991.10.01"]
[PlyCount "89"]

1.d4 Nf6 2.c4 c5 3.d5 e6 4.Nc3 exd5 5.cxd5 d6 6.e4 g6 7.Bd3 Bg7 8.h3 O-O 
9.Nf3 a6 10.a4 Nh5 11.Bg5 Bf6 12.Be3 Re8 13.O-O Nd7 14.Nd2 Bd4 15.Re1 Ne5 
16.Bf1 Qf6 17.g3 Rb8 18.Ra3 Bxe3 19.Rxe3 Qg5 20.Ne2 Qd8 21.f4 Nd7 22.Nc4 
Nb6 23.Nxb6 Qxb6 24.a5 Qc7 25.e5 Bd7 26.Nc3 Rbd8 27.Ne4 dxe5 28.d6 Qc8 29.
fxe5 Kh8 30.Ng5 Be6 31.Be2 Ng7 32.Bg4 Qd7 33.Nxe6 Nxe6 34.Qd5 h5 35.Bxe6 
Qxe6 36.Qxe6 Rxe6 37.Rab3 Rd7 38.Rbc3 Kg7 39.Rxc5 Rdxd6 40.exd6 Rxe3 41.
Kf2 Rd3 42.Rc7 b6 43.Rc6 bxa5 44.Ke2 Rd5 45.Rxa6 1/2-1/2

[Event "East European zonal 3 (w) prel 2"]
[Site "Hajduszoboszlo HUN"]
[Date "1991.10.??"]
[Round "6"]
[White "Rajcsanyi, Zita"]
[Black "Ciprianova-Kubikova, Hana"]
[Result "1-0"]
[WhiteElo "2100"]
[BlackElo "2165"]
[EventDate "1991.10.01"]
[PlyCount "51"]

1.e4 c5 2.c3 b6 3.d4 Bb7 4.Bd3 Nf6 5.Qe2 cxd4 6.cxd4 Nc6 7.Nf3 Nb4 8.Bc4 
Nxe4 9.a3 d5 10.Bb5+ Nc6 11.Ne5 Qc7 12.Bf4 Nd6 13.Nc3 Nxb5 14.Nxb5 Qd8 15.
Nxc6 Bxc6 16.Nd6+ Kd7 17.Nxf7 Qe8 18.Nxh8 e6 19.O-O Be7 20.Qe5 Rc8 21.Rfe1
Qg8 22.Re3 Bb7 23.Rae1 Rc6 24.Qb8 Qxb8 25.Bxb8 Rc8 26.Rxe6 1-0

[Event "East European zonal 3 (w) prel 2"]
[Site "Hajduszoboszlo HUN"]
[Date "1991.10.??"]
[Round "7"]
[White "Ciprianova-Kubikova, Hana"]
[Black "Voiska, Margarita"]
[Result "1/2-1/2"]
[WhiteElo "2165"]
[BlackElo "2350"]
[EventDate "1991.10.01"]
[PlyCount "62"]

1.d4 Nf6 2.c4 e6 3.Nf3 Bb4+ 4.Nbd2 O-O 5.a3 Be7 6.e4 d5 7.Bd3 dxe4 8.Nxe4 
Nc6 9.Qc2 Nxe4 10.Bxe4 Nxd4 11.Nxd4 Qxd4 12.Bxh7+ Kh8 13.Bd3 f5 14.O-O b6 
15.Qe2 e5 16.Be3 Qh4 17.f3 Bf6 18.Rac1 Be6 19.c5 Rad8 20.Bc4 Bxc4 21.Rxc4 
f4 22.cxb6 cxb6 23.Bf2 Qh5 24.Be1 Rd7 25.Bc3 Rfd8 26.Re4 Rd5 27.a4 R8d7 
28.Re1 Bh4 29.Rf1 Bf6 30.Re1 Bh4 31.Rf1 Bf6 1/2-1/2

[Event "East European zonal 3 (w) prel 2"]
[Site "Hajduszoboszlo HUN"]
[Date "1991.10.??"]
[Round "7"]
[White "Jagodzinska, Joanna"]
[Black "Rajcsanyi, Zita"]
[Result "1/2-1/2"]
[WhiteElo "2225"]
[BlackElo "2100"]
[EventDate "1991.10.01"]
[PlyCount "83"]

1.e4 c5 2.Nf3 Nc6 3.d4 cxd4 4.Nxd4 Nf6 5.Nc3 e5 6.Ndb5 d6 7.a4 a6 8.Na3 
Bg4 9.f3 Be6 10.Bg5 Be7 11.Bxf6 Bxf6 12.Nd5 Qa5+ 13.c3 Bxd5 14.exd5 Ne7 
15.Nc4 Qc5 16.b4 Qc7 17.a5 O-O 18.Rc1 Bh4+ 19.g3 Bg5 20.Rc2 f5 21.Be2 Ng6 
22.O-O Rae8 23.Kh1 f4 24.h4 Bh6 25.h5 Nh8 26.g4 e4 27.Qd4 Qe7 28.Bd1 exf3 
29.Bxf3 Nf7 30.Re2 Qh4+ 31.Rh2 Qd8 32.Be4 Ng5 33.Bf5 Rxf5 34.gxf5 Ne4 35.
Rg2 Ng3+ 36.Rxg3 fxg3 37.f6 gxf6 38.Qxf6 Qxf6 39.Rxf6 Bg7 40.Rf3 Rc8 41.
Nxd6 Rxc3 42.Rxc3 1/2-1/2